Normal view
MARC view
Entry Personal Name
001 - CONTROL NUMBER
- control field: 259319
003 - CONTROL NUMBER IDENTIFIER
- control field: OSt
005 - DATE AND TIME OF LATEST TRANSACTION
- control field: 20260326091252.0
008 - FIXED-LENGTH DATA ELEMENTS
- fixed length control field: 260326|| aca||aabn | a|a d
040 ## - CATALOGING SOURCE
- Original cataloging agency: OSt
- Transcribing agency: OSt
100 ## - HEADING--PERSONAL NAME
- Personal name: Briggs, Faye A
670 ## - SOURCE DATA FOUND
- Source citation: Work cat.: (OSt)241065: Kai Hwang 259318, Computer architecture and parallel processing, 2020